000 01283nam a22003850a 4500
001 PT19789
003 AR-LpoUNG
005 20210131232900.0
008 191001s1985||||ag |||||||||||||||||spa d
020 _a9505771053
_c$5.00
040 _aAR-LpoUNG
_bspa
_cAR-LpoUNG
_eaacr
041 _aspa
044 _aag
082 0 _a982.04 668rev
100 1 _aMinutolo de Orsi, Cristina V.
245 1 0 _aRevolucionarios a sueldos
260 _aBuenos Aires :
_bBelgrano,
_c1985.
300 _a452 p. :
_btbls., il.
520 _aRelato sobre los episodios que se producen en el país después de la caída de Juan Manuel de Rosas, cuando en la ciudad de Buenos Aires se producen una serie de movimientos revolucionarios que tienen por fin derrocar al Gral. Urquiza, que representa para el sector dirigente porteño, la mentalidad provinciana, el atraso, la barbarie.
650 4 _aANALISIS HISTORICO
650 4 _aARGENTINA
650 4 _aASPECTOS POLITICOS
650 4 _aDESARROLLO POLITICO
650 4 _aHISTORIA
650 4 _aHISTORIA POLITICA
650 4 _aHISTORIA SOCIAL
650 4 _aREVOLUCION
651 4 _aArgentina
653 _aFEDERALES
653 _aMAZORCA
653 _aRESTAURADOR
653 _aUNITARIOS
905 _a19789
942 _cLIB
999 _c18002
_d18002